LEADER 01648nas 2200361 n 450 001 990008899880403321 005 20240229084250.0 011 $a0085-2570 035 $a000889988 035 $aFED01000889988 035 $a(Aleph)000889988FED01 035 $a000889988 091 $2CNR$aP 00055538 100 $a20161109b19572000km-y0itaa50------ba 101 0 $aeng 102 $aJP 110 $aauu-------- 200 1 $aAnnals of the School of Business Administration 207 1$a1957-2000 210 $aKobe$c[s.n.] 530 0 $aAnnals of the School of Business Administration 675 $a37 712 02$aKobe Daigaku Keiei Gakubu 801 0$aIT$bACNP$c20090723 859 4 $uhttp://acnp.cib.unibo.it/cgi-ser/start/it/cnr/dc-p1.tcl?catno=37802&person=false&language=ITALIANO&libr=&libr_th=unina1$zBiblioteche che possiedono il periodico 901 $aSE 912 $a990008899880403321 958 $aBiblioteca della Facoltà di Economia Complesso Universitario Monte S. Angelo- Università degli Studi di Napoli "Federico II"$b1980;1982-1986;1999;$eEC.VII-C-3 Dep.$fDECBC 959 $aDECBC 996 $aAnnals of the School of Business Administration$9801107 997 $aUNINA AP1 8 $6866-01$aNA042 Biblioteca della Facoltà di Economia Complesso Universitario Monte S. Angelo- Università degli Studi di Napoli "Federico II"$bEC.VII-C-3 Dep.$evia Cinthia,26, 80126 Napoli (NA)$m081676647-0816782$m081676684$nit AP2 40$aacnp.cib.unibo.it$nACNP Italian Union Catalogue of Serials$uhttp://acnp.cib.unibo.it/cgi-ser/start/it/cnr/df-p.tcl?catno=37802&language=ITALIANO&libr=&person=&B=1&libr_th=unina&proposto=NO